| 000 | 00665nam a2200229 i 4500 | ||
|---|---|---|---|
| 001 | 6555 | ||
| 003 | ES-MaACL | ||
| 005 | 20230906145006.0 | ||
| 007 | t| | ||
| 008 | 900112s1988 sp ||||1| spa d | ||
| 020 | _a84-86524-62-8 | ||
| 080 | _a301.172.1 | ||
| 100 | 1 |
_aValverde Molina, Jesús. _9113020 |
|
| 245 | 1 | 3 |
_aEl Proceso de inadaptacion social / _cJesus Valverde Molina. |
| 260 |
_aMadrid : _bEditorial popular, _cD.L. 1988. |
||
| 300 |
_a287 p. ; _c22 cm. |
||
| 490 | 1 |
_aAl margen ; _v3 |
|
| 650 | 1 | 4 |
_aMarginados sociales. _914777 |
| 830 | 0 |
_aAl margen ; _v3 _9177798 |
|
| 852 |
_aES-MaACL _jL-13781 _bR.115383 _z. - rust. |
||
| 999 |
_c6555 _d6555 |
||